Die 20 größten Städte Europas - Statistiken

Allgemein
  • Dieses Quiz wurde 372 mal gespielt
  • Das Durchschnittsergebnis liegt bei 18 aus 20
Antwortstatistiken
Land Stadt % Korrekt
VereinigtesKönigreich London
100%
Russland Moskau
100%
Deutschland Berlin
99%
Türkei Istanbul
99%
Frankreich Paris
99%
Italien Rom
99%
Spanien Madrid
98%
Österreich Wien
98%
Deutschland Hamburg
97%
Ukraine Kiew
97%
Polen Warschau
97%
Spanien Barcelona
95%
Ungarn Budapest
95%
Deutschland München
95%
Tschechien Prag
92%
Rumänien Bukarest
88%
Italien Mailand
88%
Belarus Minsk
85%
Russland St. Petersburg
84%
Ukraine Charkiw
31%
Keine übereinstimmenden Quizze gefunden
Verteilung der Resultate
Anzahl Personen mit jedem Resultat
Perzentil nach korrekt beantworteten Fragen
Ihre Resultats-Entwicklung
Sie haben dieses Quiz noch nicht gespielt